Dvadsaťpäť rokov Fakulty architektúry STU : 1976-2001

Saved in:
Bibliographic Details
Format: Book
Published: Bratislava : STU v Bratislave, 2001
Tags: Add Tag
No Tags, Be the first to tag this record!

MARC

LEADER 00000nam a22000003a 4500
001 stu73013
005 20141121224825.9
008 011217s2001----------------------------d
040 |a STU  |b slo 
041 0
245 |a Dvadsaťpäť rokov Fakulty architektúry STU :  |b 1976-2001 
260 |a Bratislava :  |b STU v Bratislave,  |c 2001 
300 |a 36 s 
996 |b 284AU07033  |c A*951 B  |l AAKNST  |s P  |a 0  |w stu73013_0001